000 00493nam a2200205Ia 4500
005 20250425162042.0
008 250425s9999 xx 000 0 und d
041 _aspa
043 _asp
082 _a657.03
110 _aEDICIONES LUMARSO
245 0 _aDICCIONARIO DE CONTABILIDAD Y AUDITORIA
250 _a1A ED.
260 _aEspaƱa
_bLUMARSO
_c1950
260 _aMADRID
300 _a204
650 _aDICCIONARIO DE CONTABILIDAD Y AUDITORIA
942 _c01
010 _a44038
999 _c221391
_d221391